Los títulos valores : (Registro nro. 30649)
[ vista simple ]
| 000 -LEADER | |
|---|---|
| fixed length control field | 02099nam a2200277Ia 4500 |
| 003 - CONTROL NUMBER IDENTIFIER | |
| control field | CO-CtgCURN |
| 005 - DATE AND TIME OF LATEST TRANSACTION | |
| control field | 20250410224546.0 |
| 008 - FIXED-LENGTH DATA ELEMENTS--GENERAL INFORMATION | |
| fixed length control field | 191207s2019 xx f 000 0 spa d |
| 020 ## - INTERNATIONAL STANDARD BOOK NUMBER | |
| International Standard Book Number | 9789586767309 |
| 040 ## - CATALOGING SOURCE | |
| Original cataloging agency | CO-CtgCURN |
| Language of cataloging | spa |
| Transcribing agency | coctgcurn |
| 082 ## - DEWEY DECIMAL CLASSIFICATION NUMBER | |
| Classification number | 346.092 |
| Item number | G964 |
| 100 ## - MAIN ENTRY--PERSONAL NAME | |
| Personal name | Guío Fonseca, Marcos Román |
| 9 (RLIN) | 2848 |
| 245 #0 - TITLE STATEMENT | |
| Title | Los títulos valores : |
| Remainder of title | análisis Jurisprudencial / |
| Statement of responsibility, etc. | Marcos Román Guío Fonseca |
| 260 ## - PUBLICATION, DISTRIBUTION, ETC. | |
| Place of publication, distribution, etc. | Bogotá, Colombia : |
| Name of publisher, distributor, etc. | Ediciones Doctrina y Ley, |
| Date of publication, distribution, etc. | 2019 |
| 300 ## - PHYSICAL DESCRIPTION | |
| Extent | 733 páginas ; |
| Dimensions | 23 centímetros |
| 504 ## - BIBLIOGRAPHY, ETC. NOTE | |
| Bibliography, etc. note | Incluye referencias bibliógráficas |
| 505 ## - FORMATTED CONTENTS NOTE | |
| Formatted contents note | Pte. I. 1. Reseña histórica, normatividad y definición -- 2. Acepciones de título valor y conceptos básicos -- 3. Principios de los títulos valores -- 4. Clasificación de los títulos valores -- 5. El endoso -- 6. El aval -- 7. El protesto -- 8. La obligación cambiaria -- 9. La acción cambiaria -- 10.Caducidad y prescripción -- 11. Acciones extracambiarias -- 12.Títulos en blanco o con espacios en blanco -- 13. Valoración probatoria de los títulos valores -- 14. Jurisdicción y competencia -- Pte. II. 1. La letra de cambio -- 2. El pagaré -- 3. El cheque -- 4. Las facturas. |
| 520 ## - SUMMARY, ETC. | |
| Summary, etc. | Se trata de una obra que aborda el estudio de los títulos valores de manera didáctica, a través de casuística, gráficas y cuadros comparativos que permiten una mayor comprensión de los temas, involucrando los títulos electrónicos; con un estudio profuso sobre los tópicos más controvertidos en los estrados judiciales, identificando las distintas tesis elaboradas para solucionar el problema, con soporte y análisis jurisprudencial de las Altas Cortes, Tribunales del país y doctrina; recopilando la jurisprudencia en un CD que forma parte de la obra. |
| 521 ## - TARGET AUDIENCE NOTE | |
| Target audience note | AREA PROFESIONAL |
| 590 ## - LOCAL NOTE (RLIN) | |
| Local note | Programa de Derecho_18 |
| 650 ## - SUBJECT ADDED ENTRY--TOPICAL TERM | |
| Topical term or geographic name entry element | Derecho comercial |
| 9 (RLIN) | 2849 |
| 650 ## - SUBJECT ADDED ENTRY--TOPICAL TERM | |
| Topical term or geographic name entry element | Títulos valores |
| 9 (RLIN) | 2850 |
| 942 ## - ADDED ENTRY ELEMENTS (KOHA) | |
| Koha item type | Libros |
| Classification part | 346.092 |
| Item part | G964 |
| Source of classification or shelving scheme | Dewey Decimal Classification |
| Koha issues (borrowed), all copies | 4 |
| Suppress in OPAC | No |
| Withdrawn status | Lost status | Source of classification or shelving scheme | Damaged status | Not for loan | Collection | Home library | Current library | Shelving location | Date acquired | Source of acquisition | Cost, normal purchase price | Inventory number | Total checkouts | Full call number | Barcode | Date last seen | Date last checked out | Copy number | Price effective from | Koha item type | Public note |
|---|---|---|---|---|---|---|---|---|---|---|---|---|---|---|---|---|---|---|---|---|---|
| Dewey Decimal Classification | Miguel Henríquez Castañeda Barranquilla | Miguel Henríquez Castañeda Barranquilla | General | 12/05/2019 | Compra OC-09-043-19 | 120000.00 | 04792 | 11 | 346.092 G964 | 04792 | 11/25/2025 | 11/20/2025 | ej.1 | 12/07/2019 | Libros | Compra OC-09-043-19 IIP 2019 |